• 首页
  • 本馆介绍
  • 公告通知
  • 最新文献
  • 馆藏检索
  • 电子资源
  • 读者导购
  • 参考咨询
  • 我的图书馆
  • 登录
  • 详细信息显示
  • 放入我的书架
  • 预约/预借图书
  • 作者相关作品
  • 分类相关作品
  • 丛书相关作品
  • 出版社相关作品

书目信息

  • 表格格式
  • 工作单格式
  • 卡片格式
题名:
知名教师学法指南
    
 
作者: 柳松 主编
分册:  
出版信息: 南京   江苏少年儿童出版社  1996
页数: 279页
开本: 20cm
丛书名: 最佳学习方法丛书
单 册:
中图分类: G632.46 , G4
科图分类:
主题词: 中学生--学习方法 , 中学生 , 学习方法 , 教育
电子资源:
ISBN: 7-5346-1540-2
000 00734oam2 2200277 450
001 1560282717
005 20151110133313.80
010    @a7-5346-1540-2@dCNY7.20
100    @a19980220d1996 d y0chiy0110 ea
101 0  @achi
102    @aCN@b320000
105    @af z 000yy
200 1  @a知名教师学法指南@9zhi ming jiao shi xue fa zhi nan@f柳松主编
210    @a南京@c江苏少年儿童出版社@d1996
215    @a279页@c插图@d20cm
225 2  @a最佳学习方法丛书
461  0 @12001 @a最佳学习方法丛书
606 0  @a中学生@x学习方法
606 0  @a中学生
606 0  @a学习方法
606 0  @a教育
690    @aG632.46@v5
690    @aG4@v4
701  0 @a柳松@9liu song@4主编
801  0 @aCN@bTSSF@c20150204
905    @aZUCC@dG4@eJY316
    
    知名教师学法指南/柳松主编.-南京:江苏少年儿童出版社,1996
    279页:插图;20cm.-(最佳学习方法丛书)
    
    
    ISBN 7-5346-1540-2:CNY7.20
    
●
相关链接 在E读中查询图书 在五车中查询图书 在当当中查询图书 在豆瓣中查询图书


正题名:知名教师学法指南     索取号:G4/JY316         预约/预借

序号 登录号 条形码 馆藏地/架位号 状态 备注
1 7865513   278655135   学院路分馆/ [索取号:G4/JY316] 在馆    
2 7865657   278656571   学院路分馆/ [索取号:G4/JY316] 在馆    
唐山师范学院图书馆 欢迎您!
大连网信软件有限公司© 版权所有